Indexy

Uložené v:
Podrobná bibliografia
Hlavný autor: Megyesiová, Silvia, 1969-
Médium: Kniha
Jazyk:Slovak
Vydavateľské údaje: Košice Podnikovohospodárska fakulta EU [2012]
Predmet:
Tagy: Pridať tag
Žiadne tagy, Buďte prvý, kto otaguje tento záznam!

MARC

LEADER 00000nam$a2200000$$$4500
001 0176908
005 20240502073021.1
041 0 |a slo 
044 |a SK 
245 1 0 |a Indexy  |c Silvia Megyesiová 
264 1 |a Košice  |b Podnikovohospodárska fakulta EU  |c [2012] 
300 |a [27 s.] 
610 2 0 |a indexy 
610 2 0 |a indexy individuálne 
610 2 0 |a indexy súhrnné 
100 1 |a Megyesiová, Silvia, 1969-